| 000 | 00933amm a2200265 4500 | ||
|---|---|---|---|
| 008 | 160118s2016 o | cat d | ||
| 041 | _acat | ||
| 041 | _bspa | ||
| 041 | _beng | ||
| 041 | _bfre | ||
| 110 |
_975269 _aUniversitat de Barcelona. Departament d’Empresa. Secció de Comptabilitat |
||
| 245 |
_aTerminologia de les normes d’auditoria _h[en línia] _cSecció de Comptabilitat. Departament d’Empresa. Facultat d’Economia i Empresa. Universitat de Barcelona |
||
| 260 |
_aBarcelona _bUniversitat de Barcelona. Serveis Lingüístics _c2016 |
||
| 500 | _aCategoria gramatical, remissions, sinònims, notes | ||
| 520 | _a195 | ||
| 546 | _aanglès | ||
| 592 | _aObra terminològica | ||
| 593 | _aNMA | ||
| 650 | 0 |
_aauditoria _967562 |
|
| 856 | _uhttps://www.ub.edu/ubterm/obra/auditoria/ | ||
| 901 | _c<2016> | ||
| 902 | _a160118 | ||
| 942 |
_cMO _2ddc _n0 |
||
| 999 |
_c68438 _d68438 |
||